MARC

Tag First Indicator Second Indicator Subfields
LEADER 00000cam a2200000 4500
001 in00000990807
005 20150927161047.0
008 740214s1972 maua b 00010 eng
010 |a  74151497  
035 |a (OCoLC)00835466 
035 |9 AEY5427AM 
040 |a DLC  |c DLC  |d m.c.  |d m/c  |d TXA  |d UtOrBLW 
049 1 |a TXA2 
050 0 0 |a TA7  |b .M36 no. 72-52  |a TC409 
082 0 |a 624/.08 s  |a 627/.01/84 
090 |a TA7  |b .M36 no. 154 
100 1 |a Vicéns, Guillermo J. 
245 1 0 |a Simulation criteria for selecting water resource system alternatives /  |c by Guillermo J. Vicéns and John C. Schaake, Jr. 
264 1 |a [Cambridge] :  |b Dept. of Civil Engineering, Massachusetts Institute of Technology,  |c 1972. 
300 |a 133 pages :  |b illustrations ;  |c 28 cm. 
336 |a text  |b txt  |2 rdacontent 
337 |a unmediated  |b n  |2 rdamedia 
338 |a volume  |b nc  |2 rdacarrier 
490 1 |a Ralph M. Parsons Laboratory for Water Resources and Hydrodynamics. Report ;  |v no. 154 
490 1 |a Massachusetts Institute of Technology. Dept. of Civil Engineering. Research report ;  |v R72-52 
500 |a "DSR 72817." 
502 |b M.S.  |c Massachusetts Institute of Technology. 
504 |a Bibliography: pages 90-93. 
650 0 |a Water resources development  |x Mathematical models. 
650 0 |a Computer simulation. 
650 0 |a Hydraulic models. 
650 0 |a Rivers  |z Argentina. 
710 1 |a Argentina.  |b Ministerio de Obras y Servicos Hídricos. 
700 1 |a Schaake, John C. 
830 0 |a R (Massachusetts Institute of Technology. Department of Civil Engineering) ;  |v R72-52. 
830 0 |a Report (Ralph M. Parsons Laboratory for Water Resources and Hydrodynamics) ;  |v no. 154. 
999 |a MARS 
999 f f |s d2f16b3b-867d-351e-9d36-8049fde5ddcf  |i 02a84940-1c35-3b5c-8dd2-c8196ffdbb99  |t 0 
952 f f |p normal  |a Texas A&M University  |b College Station  |c Sterling C. Evans Library  |d Evans: Library Stacks  |t 0  |e TA7 .M36 no.151-155  |h Library of Congress classification  |i unmediated -- volume  |m A14841522979 
952 f f |a Texas A&M University  |b College Station  |c Sterling C. Evans Library  |d Evans: Library Stacks  |t 0  |e TA7 .M36 no.151-155  |h Library of Congress classification 
998 f f |a TA7 .M36 no.151-155  |t 0  |l Evans: Library Stacks